| 000 | 00393nam a2200157 i 4500 | ||
|---|---|---|---|
| 001 | bg | ||
| 100 | 1 | _aTEREBUSKO, O. I. | |
| 245 | 0 |
_aOsnowy teorii uprugosti i plasticnosti / _cO.I. Terebusko. |
|
| 260 |
_aMoskva : _bNauka, _c1984. |
||
| 650 | 9 |
_aPlastyczność _xteoria |
|
| 040 | _cBPK | ||
| 041 | _apol | ||
| 080 | _a539.3/.6 | ||
| 942 | _cKS | ||
| 008 | s pl f |000 0 pol | ||
| 999 |
_c28228 _d28228 |
||
| 856 |
_uhttp://koha.tu.koszalin.pl/cgi-bin/koha/opac-detail.pl?biblionumber=28228 _yKatalog online BPK |
||